Svého zakladatele přežije jen třetina rodinných firem

Rodinný bizniz má svoje špecifiká. Veľmi citlivy je okamžik, keď dochádza k výmene generácií. Tzv. nástupníctvo je proces, ktorý sa celosvetovo podarí len v každej tretej rodinnej firme. V Českej republike chýbajú skúsenosti s tým, že deti často nemajú záujem o obchody svojich rodičov. Novinka pre č...

Full description

Saved in:
Bibliographic Details
Main Author: Červenková, Alena
Format: Book Chapter
Language:Czech
Subjects:
Tags: Add Tag
No Tags, Be the first to tag this record!

MARC

LEADER 00000naa a2200000 4500
001 0188903
005 20231113134802.6
041 0 |a cze 
044 |a CZ 
245 1 0 |a Svého zakladatele přežije jen třetina rodinných firem  |c Alena Červenková 
520 |a Rodinný bizniz má svoje špecifiká. Veľmi citlivy je okamžik, keď dochádza k výmene generácií. Tzv. nástupníctvo je proces, ktorý sa celosvetovo podarí len v každej tretej rodinnej firme. V Českej republike chýbajú skúsenosti s tým, že deti často nemajú záujem o obchody svojich rodičov. Novinka pre české rodinné firmy. 
610 2 0 |a firmy 
610 2 0 |a rodina 
610 2 0 |a dedičstvo 
610 2 0 |a podnikanie rodinné 
610 2 0 |a Česko 
100 1 |a Červenková, Alena